Vnútorná kontrola
Kontrola a kontroling - prvky vnútorného kontrolného systému podniku. Vnútorná kontrola - jej podstata a znaky. Zameranie kontroly: kontrola ľudí, kontrola financií, kontrola činností, kontrola informácií, kontrola celkového výkonu organizácie.
Saved in:
| Main Author: | |
|---|---|
| Format: | Book Chapter |
| Language: | Slovak |
| Subjects: | |
| Tags: |
No Tags, Be the first to tag this record!
|
MARC
| LEADER | 00000nla$a2200000$$$4500 | ||
|---|---|---|---|
| 001 | 0114129 | ||
| 005 | 20240502072253.9 | ||
| 041 | 0 | |a slo | |
| 044 | |a SK | ||
| 245 | 1 | 0 | |a Vnútorná kontrola |c Katarína Čarnogurská |
| 520 | |a Kontrola a kontroling - prvky vnútorného kontrolného systému podniku. Vnútorná kontrola - jej podstata a znaky. Zameranie kontroly: kontrola ľudí, kontrola financií, kontrola činností, kontrola informácií, kontrola celkového výkonu organizácie. | ||
| 610 | 2 | 0 | |a kontrola vnútorná |
| 610 | 2 | 0 | |a riadenie podnikové |
| 610 | 2 | 0 | |a manažment |
| 610 | 2 | 0 | |a kontroling |
| 610 | 2 | 0 | |a kontrola finančná |
| 610 | 2 | 0 | |a zamestnanci |
| 610 | 2 | 0 | |a informácie |
| 610 | 2 | 0 | |a efektívnosť |
| 100 | 1 | |a Čarnogurská, Katarína | |